| 000 | 01102nam a22002057a 4500 | ||
|---|---|---|---|
| 008 | 250305e20250503xxk|||||o|||| 00| 0 eng d | ||
| 041 | _aeng | ||
| 110 | _aRoyal Institution of Chartered Surveyors | ||
| 245 |
_aProfessional conduct and the responsible use of AI _h[Electronic resource] |
||
| 260 |
_aLondon, _bRoyal Institution of Chartered Surveyors, _c4 March 2025 |
||
| 520 | _aThe awareness and use of AI across the land and property life cycle has steadily grown in recent years, bringing both advantages and risks to professionals and their clients. Andrew Knight, AI, Data and Tech lead at RICS, outlines a new professional standard under development to guide RICS members and RICS-regulated firms in their professional conduct with AI. | ||
| 650 | _aARTIFICIAL INTELLIGENCE | ||
| 650 | _aPROFESSIONAL CONDUCT | ||
| 651 | _aInternational | ||
| 690 |
_aTechnology _96348 |
||
| 700 | _aKnight, Andrew | ||
| 710 | _aRoyal Institution of Chartered Surveyors | ||
| 856 |
_uhttps://www.rics.org/news-insights/wbef/professional-conduct-responsible-use-ai _zAvailable on RICS.org |
||
| 942 | _n0 | ||
| 999 |
_c122112 _d122112 |
||